| 000 | 00969pam a2200277 a 4500 | ||
|---|---|---|---|
| 001 | 3855404 | ||
| 003 | NUST-PNEC | ||
| 005 | 20170116180714.0 | ||
| 008 | 880719s1989 nyua d 000 0 eng | ||
| 010 | _a 88013490 | ||
| 020 | _a0070452709 | ||
| 040 |
_aDLC _cDLC _dDLC |
||
| 050 | 0 | 0 |
_aQ123 _b.M34 1989 |
| 082 | 0 | 0 | _a503.21 PAR |
| 100 |
_9648 _aParker Sybil P. |
||
| 245 | 0 | 0 |
_aMcGraw-Hill dictionary of scientific and technical terms / _cSybil P. Parker, editor in chief. |
| 250 | _a4th ed. | ||
| 260 |
_aNew York : _bMcGraw-Hill Book Co., _cc1989. |
||
| 300 |
_axvii, 2088, 49 p. : _bill. ; _c29 cm. |
||
| 500 | _ahttp://www.amazon.com/Mcgraw-hill-Dictionary-Scientific-Technical-Terms/dp/0070452709/ref=sr_1_1?s=books&ie=UTF8&qid=1413443748&sr=1-1&keywords=0070452709 | ||
| 650 | 0 |
_aScience _xDictionaries. |
|
| 650 | 0 |
_aTechnology _xDictionaries. |
|
| 700 | 1 | _aParker, Sybil P. | |
| 906 |
_a7 _bcbc _corignew _d1 _eocip _f19 _gy-gencatlg |
||
| 942 |
_2ddc _cBK |
||
| 999 |
_c61093 _d61093 |
||